000 01107nam a22003257a 4500
003 CHAP
005 20220329134541.0
008 971013s1981 at r 00010 eng d
010 _a22057
011 _a23029
035 _a27124
040 _cCHAP
090 _aFolleto 10345
100 0 0 _aCocks, K. D.
_924232
245 1 _aOutline of a course on environmental planning
260 _aCanberra :
_bCSIRO. Division of Land Use Research,
_c1981
300 _a15 p.
490 0 _aDocumento de trabajo
_v; 81/13
590 _aBATCH-UPD
_b10
_c20130110
_lUCH01
_h1809
590 _aBATCH-UPD
_b10
_c20130410
_lUCH01
_h1144
590 _aBATCH-UPD
_b10
_c20130914
_lUCH01
_h1001
590 _aCONVERSION
_b10
_c20130109
_lUCH01
_h1313
650 1 4 _aEcología
_xEstudio y enseñanza.
_935142
650 1 4 _aTierras
_xUtilización.
_9113219
710 0 _aCommonwealth Scientific and Industrial Research Organization. Division of Water and Land Resources.
_926048
830 0 _aDocumento de trabajo
_v; 81/13
_933227
901 _aBK
942 _cFOLL
949 _aFolleto 10345
_bBC
_cFOLL
_d-62789
_eTS1
_i27124
_mD
_si
999 _c22057
_d22057